Estatísticas para Os 15 principais países afetados pela Covid-19 - 2 de julho

Clique aqui para jogar o quiz

Estatísticas Gerais

  • Esse quiz foi jogado 8 vezes
  • A pontuação média é 13 de 25

Estatísticas das Respostas

país% Correto
Brasil
100%
Espanha
100%
Estados Unidos
100%
Índia
100%
México
100%
Rússia
100%
Alemanha
88%
Itália
88%
Reino Unido
88%
Irão
75%
Turquia
75%
Peru
63%
Arábia Saudita
50%
Chile
50%
Chile
50%
Suécia
50%
Panamá
25%
Paquistão
25%
Catar
13%
Armênia
0%
Bahrein
0%
Bielorrússia
0%
Kuweit
0%
Omã
0%
Singapura
0%

Distribuição das Pontuações

Percentil de Números Respondidos

Porcentagem de Pessoas com Cada Pontuação

Sua Pontuação Histórica

Você não jogou esse quiz